The playground movement in the District of Columbia. Report to the Commissioners of the District of Columbia.

Bibliographic Details
Corporate Authors: District of Columbia. Department of Playgrounds, ProQuest (Firm)
Format: Government Document eBook
Language:English
Published: Washington : [publisher not identified], 1912.
Series:United States congressional serial set.
Subjects:
Online Access:Connect to the full text of this electronic book

MARC

Tag First Indicator Second Indicator Subfields
LEADER 00000cam a22000001a 4500
001 in00003051689
005 20190402183546.0
006 m o d
007 cr un mmmapmmp
008 070626s1912 dcud o f000 0 eng d
035 |a cis2004139703 
040 |a UMI  |c UMI  |d UtOrBLW 
043 |a n-us--- 
086 0 |a DC 46.1:912 
099 |a ProQuest Serial Set Number 6179 S.doc.937 
110 1 |a District of Columbia.  |b Department of Playgrounds. 
245 1 4 |a The playground movement in the District of Columbia. Report to the Commissioners of the District of Columbia. 
246 1 |a Report on playground movement in District of Columbia, 1912 
264 1 |a Washington :  |b [publisher not identified],  |c 1912. 
300 |a 1 online resource. 
336 |a text  |b txt  |2 rdacontent 
337 |a computer  |b c  |2 rdamedia 
338 |a online resource  |b cr  |2 rdacarrier 
490 0 |a S.doc.937 
500 |a Record is based on bibliographic data in ProQuest U.S. Serial Set Digital Collection (last viewed June 2007). Reuse except for individual research requires license from ProQuest, LLC. 
510 3 |a ProQuest U.S. Serial Set Digital Collection 
500 |a Electronic resource. 
610 1 0 |a District of Columbia. 
650 0 |a Recreation. 
655 7 |a Electronic books.  |2 local 
710 2 |a ProQuest (Firm) 
830 0 |a United States congressional serial set. 
856 4 0 |u http://proxy.library.tamu.edu/login?url=http://congressional.proquest.com/congcomp/getdoc?SERIAL-SET-ID=6179+S.doc.937  |z Connect to the full text of this electronic book  |t 0 
999 |a MARS 
999 f f |s 2bba0949-8d16-3b1e-aeef-855908a955d3  |i cbcab7fa-3502-3b31-bdba-d794b72f0cf5  |t 0 
952 f f |a Texas A&M University  |b College Station  |c Electronic Resources  |d Available Online  |t 0  |e ProQuest Serial Set Number 6179 S.doc.937  |h Other scheme 
998 f f |a ProQuest Serial Set Number 6179 S.doc.937  |t 0  |l Available Online